000 00331nam a2200133Ia 4500
008 240624s9999 xx 000 0 und d
041 _aeng
082 _a920 SWA
100 _aSWAMINATHAN ROOPA
245 _aKAMALHASAN THE CONSUMMATE ACTOR
260 _c2004
_aNew Delhi
_bRupa and Company
300 _a64 : p.
365 _cRS
_b25
999 _c17609
_d17609